សត្វប្រឡាំងកាស / (Record no. 4475)

MARC details
000 -LEADER
fixed length control field 02139nam a22003257a 4500
001 - CONTROL NUMBER
control field 4475
003 - CONTROL NUMBER IDENTIFIER
control field FISKH
005 - DATE AND TIME OF LATEST TRANSACTION
control field 20240911161547.0
008 - FIXED-LENGTH DATA ELEMENTS--GENERAL INFORMATION
fixed length control field 240911b cb ||||| |||| 00| 0 eng d
020 ## - INTERNATIONAL STANDARD BOOK NUMBER
International Standard Book Number 9789995088859
040 ## - CATALOGING SOURCE
Original cataloging agency FISKH
Language of cataloging Bilingual
Transcribing agency FISKH
Modifying agency FISKH
050 ## - LIBRARY OF CONGRESS CALL NUMBER
Classification number PZ7
082 ## - DEWEY DECIMAL CLASSIFICATION NUMBER
Classification number 900
100 ## - MAIN ENTRY--PERSONAL NAME
Personal name Sotheary, Kimsun
Relator term Editor
245 ## - TITLE STATEMENT
Title សត្វប្រឡាំងកាស /
Statement of responsibility, etc. by Kimsun Sotheary
250 ## - EDITION STATEMENT
Edition statement ចេញផ្សាយខែធ្នូ ២០០៧
260 ## - PUBLICATION, DISTRIBUTION, ETC.
Place of publication, distribution, etc. ភ្នំពេញ :
Name of publisher, distributor, etc. Reading Books ;
Date of publication, distribution, etc. ២០០៧​ .
300 ## - PHYSICAL DESCRIPTION
Extent 20 pages :
Other physical details color illustrations ;
Dimensions 26 cm .
490 ## - SERIES STATEMENT
Series statement ពិភពរឿងនិទាន
505 ## - FORMATTED CONTENTS NOTE
Formatted contents note M <br/>
520 ## - SUMMARY, ETC.
Summary, etc. កាលពីព្រេងនាយមានក្សត្រមួយអង្គមានមហេសីប្រកបដោយរូបឆោមលោមពណ៏ ទ្រង់មានបុត្រាមួយអង្គ ជាអកុសលមានមានសត្វគ្រុឌមួយពាំព្រះរាជកុមារទៅជាមួយ ។ ព្រះបិតាមានការភិតភ័យជាខ្លាំងដោយចាត់អោយនាងណាំក្រឺះតាមស្វែងរក ។ នាងបានជួបនឺងព្រះរាជកុមារហើយក៏ហែលឆ្លងសមុទ្រត្រលប់មកព្រះនគរវិញ តែអកុសលពួកគេបានស្លាប់ដោយសារលង់ទឺក ។
520 ## - SUMMARY, ETC.
Summary, etc. Once upon a time, there was a king who had a beautiful wife, and he had a son. Unfortunately, there was a gourd with a child. The father was terrified and sent her to search. She met the royal children and swam across the sea back to the kingdom, but unfortunately they died from drowning .
521 8# - TARGET AUDIENCE NOTE
Target audience note 550 <br/>
Source Lexile estimate <br/>
521 8# - TARGET AUDIENCE NOTE
Target audience note M <br/>
Source Raz-Plus <br/>
650 ## - SUBJECT ADDED ENTRY--TOPICAL TERM
Topical term or geographic name entry element រាជកុមារ
Form subdivision រឿងប្រឌិត
650 ## - SUBJECT ADDED ENTRY--TOPICAL TERM
Topical term or geographic name entry element child
Form subdivision fiction
700 ## - ADDED ENTRY--PERSONAL NAME
Personal name RA B , Tha
Relator term illustrator
942 ## - ADDED ENTRY ELEMENTS (KOHA)
Source of classification or shelving scheme Dewey Decimal Classification
Koha item type Khmer Books
Suppress in OPAC No
Holdings
Withdrawn status Lost status Source of classification or shelving scheme Damaged status Not for loan Collection Home library Current library Shelving location Date acquired Total Checkouts Full call number Barcode Date last seen Copy number Price effective from Koha item type
    Dewey Decimal Classification     Khmer-English Bilingual / ភាសាខ្មែរ-អង់គ្លេស Footprints International School Library Network Toul Tom Poung Campus Footprints International School Library Network Toul Tom Poung Campus TTP Primary Khmer Bookshelves 09/11/2024   SOT PZ7 900 FIS03731 09/11/2024 1 09/11/2024 Khmer Books
    Dewey Decimal Classification     Khmer-English Bilingual / ភាសាខ្មែរ-អង់គ្លេស Footprints International School Library Network Toul Tom Poung Campus Footprints International School Library Network Toul Tom Poung Campus TTP Primary Khmer Bookshelves 09/11/2024   SOT PZ7 900 FIS02092 09/11/2024 2 09/11/2024 Khmer Books
    Dewey Decimal Classification     Khmer-English Bilingual / ភាសាខ្មែរ-អង់គ្លេស Footprints International School Library Network Toul Tom Poung Campus Footprints International School Library Network Toul Tom Poung Campus TTP Primary Khmer Bookshelves 09/16/2025   SOT PZ7 900 FIS04103 09/16/2025 3 09/16/2025 Khmer Books
    Dewey Decimal Classification     Khmer-English Bilingual / ភាសាខ្មែរ-អង់គ្លេស Footprints International School Library Network Toul Tom Poung Campus Footprints International School Library Network Toul Tom Poung Campus TTP Primary Khmer Bookshelves 10/03/2025   SOT PZ7 900 FIS04171 10/03/2025 4 10/03/2025 Khmer Books